000 01016nam a2200241Ia 4500
999 _c50424
_d50424
001 17368
003 GE_BSU
005 20200228143834.0
008 181216s1958 xx |||||||||||||| ||geo||
040 _cGE_BSU
041 _ageo
080 _a821.353.1-1+ 821.353.1-11 ნ 85
100 _aნონეშვილი, იოსებ
_97530
245 _aლექსები, პოემები /
_cიოსებ ნონეშვილი ; რედ. ნ. შველიძე ; მხატვ. ვ. გორდელაძე.
264 _aთბილისი :
_bსაბჭ.საქართველო,
_c1958.
300 _a434 გვ.;
_bილ ;
_c21 სმ.
653 _aლექსები
653 _aპოემები
653 _aქართული ლიტერატურა
700 _aშველიძე, ნ
_eრედაქტორი
_97630
700 _a.გორდელაძე, ვ
_eმხატვარი
_97631
942 _cBK
_2udc